000 00291 a2200133 4500
001 153301
040 _cEscola São Tomás de Aquino
100 _aAZEVEDO, Aluísio
240 1 0 _aO cortiço
_lpor
245 1 0 _aO cortiço
300 _a284
697 _aLITERATURA BRASILEIRA
942 _cBK
999 _c153301
_d153301